[Event "IRQ CupT"]
[Site "Duhok"]
[Date "2012.09.24"]
[Round "7.3"]
[White "Mohamad, Jabbar"]
[Black "Ahmad, Mohammed Nehad"]
[Result "1/2-1/2"]
[WhiteElo "2140"]
[BlackElo "1830"]
[PlyCount "86"]
[EventDate "2012.09.20"]
[EventType "team-tourn"]
[EventRounds "7"]
[EventCountry "IRQ"]
[SourceTitle "EXT 2013"]
[Source "ChessBase"]
[SourceDate "2012.11.22"]
[SourceVersion "1"]
[SourceVersionDate "2012.11.22"]
[SourceQuality "1"]

1. d4 d5 2. c4 c6 3. Nc3 Nf6 4. Nf3 dxc4 5. e3 b5 6. a4 Nd5 7. Be2 e6 8. 0-0 Nd7 9. e4 Nxc3 10. bxc3 Bb7 11. Qc2 a6 12. Bf4 Nb6 13. Rfb1 Ra7 14. axb5 cxb5 15. Rxb5 Bd6 16. Bxd6 Qxd6 17. Rb2 Qc7 18. Rab1 Nd7 19. Nd2 0-0 20. Nxc4 Rc8 21. f3 Ba8 22. e5 Rd8 23. Bd3 Nf8 24. Nd6 h5 25. c4 h4 26. h3 Qe7 27. Be4 Qg5 28. Bxa8 Raxa8 29. Qe4 Ng6 30. Qg4 Qe3+ 31. Kh1 a5 32. Rb7 Rf8 33. Qe4 Qd2 34. Rxf7 Rxf7 35. Qxa8+ Rf8 36. Qe4 Nf4 37. Rg1 Ne2 38. Qxh4 Nxg1 39. Kxg1 a4 40. Qg4 a3 41. Qxe6+ Kh7 42. Qg4 Qe3+ 43. Kh1 a2 1/2-1/2